Visualizzazione normale
Vista MARC
- Iglesias Julio
di Personal Name
Records bibliografici associati: 1
001 - CONTROL NUMBER
- control field: 8889
003 - CONTROL NUMBER IDENTIFIER
- control field: IT-RoPau
005 - DATE AND TIME OF LATEST TRANSACTION
- control field: 20140110220437.0
008 - FIXED-LENGTH DATA ELEMENTS
- fixed length control field: 140110|| aca||aabn | a|a d
040 ## - CATALOGING SOURCE
- Original cataloging agency: IT-RoPau
- Transcribing agency: IT-RoPau
100 ## - HEADING--PERSONAL NAME
- Personal name: Iglesias Julio
- Miscellaneous information: Codice autore musica SPICS: 8046
- Relator term: Autore musica
- Name of part/section of a work: Un canto a Galicia (Words We Now Regret)
670 ## - SOURCE DATA FOUND
- Source citation: Work cat.: (IT-RoPau)99959: AA.VV. 794, Fiesta